Catálogo
 En Linea

Palestina en el coliceo del mundo / (Registro nro. 20438)

Detalles MARC
000 -CABECERA
campo de control de longitud fija 00632nam a2200181 u 4500
001 - NÚMERO DE CONTROL
campo de control 000020935
005 - FECHA Y HORA DE LA ÚLTIMA TRANSACCIÓN
campo de control 20200930011206.0
008 - DATOS DE LONGITUD FIJA--INFORMACIÓN GENERAL
campo de control de longitud fija 100824s1985 dr r 001 0 spa d
040 ## - FUENTE DE LA CATALOGACIÓN
Centro catalogador/agencia de origen DO-SdBNP
Lengua de catalogación spa
Centro/agencia transcriptor BNPHU
082 ## - NÚMERO DE LA CLASIFICACIÓN DECIMAL DEWEY
Número de clasificación xxxx
Número de documento/Ítem Z38p
049 ## - FONDOS LOCALES (OCLC)
Fondos de biblioteca BNPD
100 1# - ENTRADA PRINCIPAL--NOMBRE DE PERSONA
Nombre de persona Zatar, Ayer S.
9 (RLIN) 43861
245 10 - MENCIÓN DE TÍTULO
Título Palestina en el coliceo del mundo /
Mención de responsabilidad, etc. Ayer S. Zatar.
260 ## - PUBLICACIÓN, DISTRIBUCIÓN, ETC.
Lugar de publicación, distribución, etc. Santo Domingo :
Nombre del editor, distribuidor, etc. Alfa y Omega,
Fecha de publicación, distribución, etc. 1985.
300 ## - DESCRIPCIÓN FÍSICA
Extensión 173 p. ;
Dimensiones 21 cm.
500 ## - NOTA GENERAL
Nota general Masacres, expansiones, agresiones y paz, una política colonialista imperialista Judeo-Sionista elaborada
500 ## - NOTA GENERAL
Nota general Incluye datos biográficos del autor en la contracubieta
Existencias
Estado de retiro Estado de pérdida No para préstamo Código de colección Localización permanente Ubicación/localización actual Ubicación en estantería Fecha de adquisición Número de inventario Total de préstamos Signatura topográfica completa Código de barras Fecha visto por última vez Precio válido a partir de Tipo de ítem Koha
    Excluido de préstamo Patrimonio Dominicano Patrimonio Dominicano Patrimonio Dominicano En catalogación 24.08.2010 LF1   xxxx Z38p 20935-10 25.06.2020 25.06.2020 Libro y Folleto Colección Patrimonio Dominicano

Con tecnología Koha